Welcome to Marium Abdulla Library

Embrace knowledge with a breath of fresh air.

Browse Collection

Marium Abdulla Library

Illustration & photography vol-12 1998 (Record no. 10603)

MARC details
000 -LEADER
fixed length control field 00416nam a2200181Ia 4500
001 - CONTROL NUMBER
control field 12484
003 - CONTROL NUMBER IDENTIFIER
control field OSt
005 - DATE AND TIME OF LATEST TRANSACTION
control field 20260409121703.0
008 - FIXED-LENGTH DATA ELEMENTS--GENERAL INFORMATION
fixed length control field 211022s9999 xx 000 0 und d
040 ## - CATALOGING SOURCE
Transcribing agency IVS
082 ## - DEWEY DECIMAL CLASSIFICATION NUMBER
Classification number 741 CRE
Item number 12484
100 ## - MAIN ENTRY--PERSONAL NAME
Personal name Creative Source Book
245 #0 - TITLE STATEMENT
Title Illustration & photography vol-12 1998
260 ## - PUBLICATION, DISTRIBUTION, ETC.
Name of publisher, distributor, etc. Creative Resource
260 ## - PUBLICATION, DISTRIBUTION, ETC.
Date of publication, distribution, etc. 1998
300 ## - PHYSICAL DESCRIPTION
Extent 280
942 ## - ADDED ENTRY ELEMENTS (KOHA)
Koha item type Book
Source of classification or shelving scheme Dewey Decimal Classification
Suppress in OPAC No
Holdings
Date last seen Total checkouts Full call number Barcode Price effective from Koha item type Lost status Damaged status Not for loan Collection Withdrawn status Home library Current library Shelving location Date acquired Source of acquisition Cost, normal purchase price
10/26/2021   741 CRE 12484 10/26/2021 Book       Communication Design   Marium Abdulla Library Marium Abdulla Library Non-Ref 09/28/2016 Sarah Jafri 2500.00